000 00847cam a2200325 4500
001 J4108
008 090401t1997 xxu||||| |||| 00| 0 eng d
035 _a(Sirsi) u58336
041 _aeng
050 _a333.337
110 _aLambert Smith Hampton
_92865
245 _aM4 Corridor : the office review.
260 _aSlough
_bLambert Smith Hampton
_c1997
300 _a11p. ; 30cm.
350 _a0
650 _aBRACKNELL
650 _aBRISTOL
650 _aHAMMERSMITH
650 _aHEATHROW
650 _aM4 CORRIDOR
650 _aMAIDENHEAD
650 _aPROPERTY-COMMERCIAL PROPERTY-OFFICE PROPERTY-OFFICE PROPERTY MARKET
650 _aOFFICES
650 _aREADING
650 _aSLOUGH
650 _aSWINDON
690 _aPROPERTY-COMMERCIAL PROPERTY-COMMERCIAL PROPERTY MARKET
942 _n0
948 _c04/03/1997
999 _c94057
_d94057